[Event "XXVI Ogolnopolska Olimpiada Mlodziezy"]
[Site "Pulawy"]
[Date "2020.10.06"]
[Round "2.5"]
[White "Pawicka, Magdalena"]
[Black "Egeman, Emilia"]
[Result "1-0"]
[WhiteElo "1775"]
[BlackElo "1534"]
[PlyCount "43"]
[EventDate "2020.10.04"]
[EventType "swiss"]
[Tiebreak "Sum of Buchholz+Median1 Buchholz+Sonneborn-Berger (Swiss)"]

1. e4 c5 2. Nf3 d6 3. d4 cxd4 4. Qxd4 e5 5. Bb5+ Bd7 6. Bxd7+ Nxd7 7. Qa4 h6 8.
c4 Qc7 9. Nc3 Ngf6 10. O-O Be7 11. Nd2 O-O 12. Qc2 Nb6 13. b3 Rac8 14. Qd3 Nh5
15. Rd1 Nf4 16. Qf3 Rfd8 17. Nf1 Ne6 18. Be3 a6 19. Bxb6 Ng5 20. Qe3 Qd7 21.
Bxd8 Qxd8 22. Nd5 1-0

[Event "XXVI Ogolnopolska Olimpiada Mlodziezy"]
[Site "Pulawy"]
[Date "2020.10.06"]
[Round "2.6"]
[White "Jozwik, Michal"]
[Black "Zielonka, Adam"]
[Result "0-1"]
[WhiteElo "1466"]
[BlackElo "1736"]
[PlyCount "72"]
[EventDate "2020.10.04"]
[EventType "swiss"]
[Tiebreak "Sum of Buchholz+Median1 Buchholz+Sonneborn-Berger (Swiss)"]

1. e4 c5 2. Nf3 e6 3. c3 Nf6 4. e5 Nd5 5. d4 cxd4 6. cxd4 d6 7. Nc3 Nxc3 8.
bxc3 Nc6 9. Bf4 dxe5 10. Nxe5 Bd6 11. Nxc6 bxc6 12. Bxd6 Qxd6 13. Bd3 O-O 14.
O-O g6 15. Re1 c5 16. Rb1 cxd4 17. cxd4 Bd7 18. Be4 Bc6 19. Qf3 Bxe4 20. Qxe4
Rfd8 21. Rb7 Qxd4 22. Qf3 Qg7 23. g3 Rf8 24. Kg2 e5 25. Rd1 a5 26. Rdd7 Ra6 27.
Qd5 Qf6 28. a4 Qf5 29. Ra7 Rf6 30. Qc5 Qf3+ 31. Kg1 Rb8 32. Qc2 Rfb6 33. Rd1
Rb2 34. Qc5 Qxd1+ 35. Kg2 Qd4 36. Qxd4 exd4 0-1

[Event "XXVI Ogolnopolska Olimpiada Mlodziezy"]
[Site "Pulawy"]
[Date "2020.10.06"]
[Round "2.6"]
[White "Karolczuk, Iwo"]
[Black "Jedraszek, Pawel"]
[Result "1/2-1/2"]
[WhiteElo "2010"]
[BlackElo "1816"]
[PlyCount "62"]
[EventDate "2020.10.04"]
[EventType "swiss"]
[Tiebreak "Sum of Buchholz+Median1 Buchholz+Sonneborn-Berger (Swiss)"]

1. d4 Nf6 2. c4 g6 3. Nc3 Bg7 4. g3 O-O 5. Bg2 d6 6. Nf3 Nbd7 7. O-O e5 8. Qc2
Re8 9. Rd1 exd4 10. Nxd4 a5 11. e4 Nc5 12. f3 Nfd7 13. Ndb5 Na6 14. Bf4 Ne5 15.
b3 Bd7 16. Qd2 Bc6 17. Be3 b6 18. h3 Nc5 19. Nd4 Bb7 20. Re1 a4 21. Rad1 axb3
22. axb3 Ned3 23. Re2 Nb4 24. Rb1 Qd7 25. Nd5 Nxd5 26. cxd5 Ra3 27. Qd1 Rea8
28. Bf2 Ba6 29. Rd2 Bh6 30. f4 Bb7 31. Qc2 Ra1 1/2-1/2

[Event "XXVI Ogolnopolska Olimpiada Mlodziezy"]
[Site "Pulawy"]
[Date "2020.10.06"]
[Round "2.6"]
[White "Pietrzak, Emilia"]
[Black "Obrochta, Lena"]
[Result "1-0"]
[WhiteElo "1398"]
[BlackElo "1765"]
[PlyCount "73"]
[EventDate "2020.10.04"]
[EventType "swiss"]
[Tiebreak "Sum of Buchholz+Median1 Buchholz+Sonneborn-Berger (Swiss)"]

1. e4 c5 2. Nf3 a6 3. c3 d5 4. e5 Bf5 5. d4 e6 6. Bd3 Bxd3 7. Qxd3 Nc6 8. a3
Qb6 9. b4 c4 10. Qc2 Nge7 11. Nbd2 Ng6 12. Nf1 Be7 13. Ng3 O-O 14. h4 h6 15. h5
Nh8 16. Rh3 f5 17. Ne2 a5 18. b5 Qxb5 19. Rb1 Qa6 20. Rg3 Kf7 21. Nf4 b5 22.
Ng6 Rfb8 23. Nf4 Rd8 24. Rxg7+ Kxg7 25. Nxe6+ Kg8 26. Qxf5 Bf8 27. Qg4+ Kf7 28.
Nc7 Qc8 29. e6+ Ke7 30. Qh4+ Kd6 31. Bf4+ Ne5 32. Bxe5+ Kc6 33. Qf6 Bd6 34.
Nxa8 Rf8 35. Qxh6 Qxa8 36. e7 Re8 37. Qxd6+ 1-0

[Event "XXVI Ogolnopolska Olimpiada Mlodziezy"]
[Site "Pulawy"]
[Date "2020.10.06"]
[Round "2.6"]
[White "Prawucka, Zofia"]
[Black "Zielinska, Aleksandra"]
[Result "0-1"]
[WhiteElo "1137"]
[BlackElo "1384"]
[PlyCount "82"]
[EventDate "2020.10.04"]
[EventType "swiss"]
[Tiebreak "Sum of Buchholz+Median1 Buchholz+Sonneborn-Berger (Swiss)"]

1. Nf3 Nf6 2. b3 g6 3. Bb2 Bg7 4. g3 O-O 5. Bg2 d6 6. d4 e5 7. dxe5 Nfd7 8.
Nbd2 dxe5 9. Nc4 Nc6 10. O-O Re8 11. Qd5 Qe7 12. Rad1 Nb6 13. Nxb6 axb6 14. a4
e4 15. Nd4 Bxd4 16. Bxd4 Rd8 17. Qc4 Nxd4 18. Rxd4 Bf5 19. Rfd1 Rxd4 20. Rxd4
Be6 21. Rxe4 Rd8 22. h3 Qd7 23. Qc3 Bxh3 24. Kh2 Bxg2 25. Kxg2 Qd5 26. Qe3 f5
27. f3 fxe4 28. Qxe4 Qxe4 29. fxe4 Rd2 30. Kf2 Rxc2 31. e5 Kf7 32. b4 Ke6 33.
a5 bxa5 34. bxa5 Kxe5 35. Kf3 Rc3+ 36. e3 h5 37. g4 hxg4+ 38. Kxg4 Rxe3 39. Kh4
Kf5 40. a6 g5+ 41. Kh5 Rh3# 0-1

[Event "XXVI Ogolnopolska Olimpiada Mlodziezy"]
[Site "Pulawy"]
[Date "2020.10.06"]
[Round "2.7"]
[White "Barwinska, Ewa"]
[Black "Trybus, Dominika"]
[Result "1-0"]
[WhiteElo "1742"]
[BlackElo "1471"]
[PlyCount "83"]
[EventDate "2020.10.04"]
[EventType "swiss"]
[Tiebreak "Sum of Buchholz+Median1 Buchholz+Sonneborn-Berger (Swiss)"]

1. e4 e5 2. Nf3 Nc6 3. Bb5 Nf6 4. d3 a6 5. Bxc6 dxc6 6. Nxe5 Bd6 7. Nc4 Be7 8.
O-O O-O 9. Nc3 Ng4 10. h3 b5 11. Ne3 Nxe3 12. Bxe3 f5 13. f4 Rf6 14. a3 Rg6 15.
Kh2 Bh4 16. Bf2 Be7 17. Qf3 Rb8 18. b4 fxe4 19. Nxe4 Qd5 20. Bc5 Bxc5 21. Nxc5
Qd6 22. Ne4 Qd5 23. f5 Rh6 24. Qf4 Qf7 25. Rae1 Bb7 26. Nc5 Ba8 27. Nxa6 Rc8
28. Nc5 Rf8 29. Ne6 Rc8 30. Nc5 Rf8 31. Re6 Rxe6 32. Nxe6 Rc8 33. Qg5 Re8 34.
Nc5 Kh8 35. f6 g6 36. Qf4 Rd8 37. Re1 Re8 38. Rxe8+ Qxe8 39. Qxc7 Qf8 40. Ne6
Qxf6 41. Qc8+ Qf8 42. Qxf8# 1-0

[Event "XXVI Ogolnopolska Olimpiada Mlodziezy"]
[Site "Pulawy"]
[Date "2020.10.06"]
[Round "2.7"]
[White "Ciszewski, Krzysztof"]
[Black "Malek, Jan"]
[Result "0-1"]
[WhiteElo "1784"]
[BlackElo "1941"]
[PlyCount "172"]
[EventDate "2020.10.04"]
[EventType "swiss"]
[Tiebreak "Sum of Buchholz+Median1 Buchholz+Sonneborn-Berger (Swiss)"]

1. d4 d5 2. c4 dxc4 3. e3 e6 4. Bxc4 a6 5. Nf3 Nf6 6. O-O b5 7. Be2 Bb7 8. b3
Nbd7 9. Bb2 c5 10. Nbd2 Qb6 11. a4 Be7 12. axb5 axb5 13. dxc5 Bxc5 14. Nd4 Rxa1
15. Qxa1 O-O 16. Nxb5 Bxe3 17. Bd4 Qc6 18. Nf3 Bf4 19. Qc3 Qd5 20. Bc4 Qh5 21.
h3 Rc8 22. Re1 Ne4 23. Qd3 Ndc5 24. Bxc5 Nxc5 25. Qd4 Bb8 26. Qg4 Qh6 27. Qg5
Qxg5 28. Nxg5 Ba6 29. b4 Nd7 30. Bf1 Nf6 31. Nd6 Bxd6 32. Bxa6 Bxb4 33. Bxc8
Bxe1 34. Kf1 Ba5 35. Ke2 Kf8 36. Bb7 Ke7 37. Ne4 Nd7 38. g4 Bc7 39. Bc6 Ne5 40.
Bb5 Ng6 41. Kf3 Nf4 42. h4 Ng6 43. h5 Ne5+ 44. Kg3 f5 45. gxf5 exf5 46. Ng5 h6
47. Nh3 Kf6 48. f4 Nf7 49. Bd3 Ng5 50. Nf2 Ne6 51. Nh3 Nc5 52. Bc2 Ke6 53. Kf3
Kf6 54. Kg3 Bd6 55. Kf3 Ne6 56. Bd3 Bb4 57. Bc4 Nd4+ 58. Ke3 Bc5 59. Kd3 g5 60.
fxg5+ hxg5 61. h6 Nc6 62. h7 Ne5+ 63. Kc3 Ng6 64. Kd2 Bd6 65. Ke2 g4 66. Ng1
Kg7 67. Kf2 Bc5+ 68. Kg2 Bxg1 69. Kxg1 Kxh7 70. Be6 Ne7 71. Kf2 Kg6 72. Kg3 Kg5
73. Bd7 f4+ 74. Kf2 Ng6 75. Kg2 Nh4+ 76. Kf2 g3+ 77. Kg1 f3 78. Bh3 Kf4 79. Kf1
Nf5 80. Kg1 Ne3 81. Bg2 f2+ 82. Kh1 f1=Q+ 83. Bxf1 Nxf1 84. Kg2 Ne3+ 85. Kg1
Kf3 86. Kh1 g2+ 0-1

[Event "XXVI Ogolnopolska Olimpiada Mlodziezy"]
[Site "Pulawy"]
[Date "2020.10.06"]
[Round "2.7"]
[White "Przybylski, Jan"]
[Black "Musial, Igor"]
[Result "1-0"]
[WhiteElo "1398"]
[BlackElo "1722"]
[PlyCount "117"]
[EventDate "2020.10.04"]
[EventType "swiss"]
[Tiebreak "Sum of Buchholz+Median1 Buchholz+Sonneborn-Berger (Swiss)"]

1. e4 c5 2. Nf3 d6 3. d4 cxd4 4. Nxd4 Nf6 5. Nc3 Nc6 6. Be2 e5 7. Nb3 Be7 8.
Bg5 Nxe4 9. Nxe4 Bxg5 10. Nxd6+ Ke7 11. Ne4 Qxd1+ 12. Rxd1 Bh6 13. Bb5 Bf5 14.
Nec5 Rad8 15. Rxd8 Nxd8 16. Bd3 Bxd3 17. Nxd3 Nc6 18. O-O f6 19. Re1 Kf7 20.
Kf1 b6 21. f3 Re8 22. a3 a5 23. a4 Rd8 24. Re4 Nd4 25. Nxd4 Rxd4 26. Ke2 Rxe4+
27. fxe4 g6 28. b3 Bf8 29. Kf3 Ke6 30. c3 f5 31. Nb2 h5 32. Nc4 Bc5 33. g3 g5
34. exf5+ Kxf5 35. Ne3+ Ke6 36. h3 Ba3 37. Nc4 Bc5 38. g4 h4 39. Ke4 Bf2 40.
Nxe5 Be1 41. c4 Bb4 42. Nf3 Kf6 43. Kd5 Bc5 44. Ne5 Ke7 45. Kc6 Ke6 46. Nd7 Be3
47. Nxb6 Ke5 48. Nd5 Bf2 49. b4 axb4 50. Nxb4 Kf4 51. Nd3+ Kg3 52. Nxf2 Kxf2
53. a5 Kg3 54. a6 Kxh3 55. a7 Kxg4 56. a8=Q Kg3 57. Kd6 h3 58. Qh1 h2 59. c5
1-0

[Event "XXVI Ogolnopolska Olimpiada Mlodziezy"]
[Site "Pulawy"]
[Date "2020.10.06"]
[Round "2.8"]
[White "Dallemura, Julia"]
[Black "Slusarczyk, Anna"]
[Result "0-1"]
[WhiteElo "1133"]
[BlackElo "1330"]
[PlyCount "110"]
[EventDate "2020.10.04"]
[EventType "swiss"]
[Tiebreak "Sum of Buchholz+Median1 Buchholz+Sonneborn-Berger (Swiss)"]

1. e4 c5 2. Nf3 e6 3. d4 cxd4 4. Nxd4 a6 5. Nc3 Qc7 6. Be3 Nf6 7. a3 Be7 8. f3
Nc6 9. Be2 O-O 10. Qd2 d6 11. g4 Ne5 12. g5 Nfd7 13. f4 Nc4 14. Bxc4 Qxc4 15.
h4 b5 16. Rg1 Bb7 17. h5 Rac8 18. Rc1 b4 19. axb4 Qxb4 20. Rb1 Nb6 21. Qd3 Nc4
22. Bc1 Nb6 23. Bd2 Qc5 24. Be3 Qb4 25. Bd2 Qc5 26. Rh1 Nc4 27. g6 e5 28. fxe5
Nxe5 29. gxh7+ Kxh7 30. Qe3 Qxd4 31. Qf4 Qxd2+ 32. Qxd2 Nf3+ 33. Ke2 Nxd2 34.
Kxd2 f5 35. Rhe1 Bg5+ 36. Kd3 fxe4+ 37. Nxe4 Rf3+ 38. Kd4 Rf4 39. Kd3 Bxe4+ 40.
Rxe4 Rxe4 41. Kxe4 Rxc2 42. b4 Rh2 43. Kd5 Bf4 44. Ke4 Be5 45. Rc1 Rh4+ 46. Kd5
Rxb4 47. Rc6 a5 48. Ra6 Rb5+ 49. Ke6 Bf4 50. Kf7 Rf5+ 51. Ke8 Rxh5 52. Ra7 Re5+
53. Kf8 Rf5+ 54. Ke8 Kh6 55. Ra6 g5 0-1

[Event "XXVI Ogolnopolska Olimpiada Mlodziezy"]
[Site "Pulawy"]
[Date "2020.10.06"]
[Round "2.8"]
[White "Mulawa, Cyprian"]
[Black "Karwot, Marek"]
[Result "1-0"]
[WhiteElo "1693"]
[BlackElo "1362"]
[PlyCount "111"]
[EventDate "2020.10.04"]
[EventType "swiss"]
[Tiebreak "Sum of Buchholz+Median1 Buchholz+Sonneborn-Berger (Swiss)"]

1. e4 c5 2. Nf3 e6 3. d4 cxd4 4. Nxd4 Nf6 5. Nc3 Nc6 6. Ndb5 d6 7. Bf4 e5 8.
Bg5 a6 9. Na3 b5 10. Nd5 Be7 11. Bxf6 Bxf6 12. c3 O-O 13. Nc2 Rb8 14. h4 Be7
15. g3 Be6 16. Bg2 Qd7 17. O-O Bd8 18. Qd2 Ne7 19. Nde3 Bb6 20. Rfd1 Rfd8 21.
Kh2 h6 22. f4 f6 23. f5 Bf7 24. g4 Kh7 25. g5 Bg8 26. gxf6 Nc8 27. Ng4 Rb7 28.
Bf3 Qf7 29. fxg7 Qxg7 30. Nce3 h5 31. Nf2 Qh6 32. Ng2 Bxf2 33. Qxf2 Ne7 34. Qe3
Rbd7 35. Qxh6+ Kxh6 36. Ne3 Bf7 37. Rd2 Kg7 38. a4 d5 39. exd5 Nxd5 40. Nxd5
Bxd5 41. Rad1 Bc6 42. Rxd7+ Rxd7 43. Rg1+ Kf6 44. Bxc6 Rd2+ 45. Rg2 Rxg2+ 46.
Kxg2 Kxf5 47. axb5 axb5 48. Bxb5 Kg4 49. Bd7+ Kxh4 50. b4 e4 51. b5 e3 52. Kf3
Kg5 53. b6 Kf6 54. b7 Ke7 55. b8=Q Kxd7 56. Kxe3 1-0

[Event "XXVI Ogolnopolska Olimpiada Mlodziezy"]
[Site "Pulawy"]
[Date "2020.10.06"]
[Round "2.8"]
[White "Pudelko, Magdalena"]
[Black "Kucharska, Helena"]
[Result "0-1"]
[WhiteElo "1382"]
[BlackElo "1727"]
[PlyCount "42"]
[EventDate "2020.10.04"]
[EventType "swiss"]
[Tiebreak "Sum of Buchholz+Median1 Buchholz+Sonneborn-Berger (Swiss)"]

1. e4 e6 2. d4 d5 3. Nd2 a6 4. c4 dxc4 5. Nxc4 b5 6. Ne3 Bb4+ 7. Ke2 Nf6 8. e5
Nd5 9. g3 Bb7 10. Nf3 Nxe3 11. Bxe3 Bxf3+ 12. Kxf3 Qd5+ 13. Ke2 Qxh1 14. Qd3
Qd5 15. f4 Nd7 16. Kf2 Rd8 17. Bd2 Nc5 18. Qc2 Ne4+ 19. Ke2 Nxd2 20. a3 Qf3+
21. Ke1 Qxf1# 0-1

[Event "XXVI Ogolnopolska Olimpiada Mlodziezy"]
[Site "Pulawy"]
[Date "2020.10.06"]
[Round "2.8"]
[White "Zdybel, Przemyslaw"]
[Black "Krupinski, Mikolaj"]
[Result "0-1"]
[WhiteElo "1938"]
[BlackElo "1776"]
[PlyCount "84"]
[EventDate "2020.10.04"]
[EventType "swiss"]
[Tiebreak "Sum of Buchholz+Median1 Buchholz+Sonneborn-Berger (Swiss)"]

1. e4 c5 2. Nf3 Nc6 3. d4 cxd4 4. Nxd4 Nf6 5. Nc3 d6 6. Bg5 Bd7 7. Qd2 Rc8 8.
O-O-O Nxd4 9. Qxd4 Qa5 10. f4 Bc6 11. Bc4 b5 12. Bb3 b4 13. Nd5 Bxd5 14. exd5
Nd7 15. Rhe1 f6 16. Bh4 Qb6 17. Qe4 Nc5 18. Qf5 Qc7 19. Bc4 Kf7 20. Bf2 Qd7 21.
Qh5+ g6 22. Qe2 Qc7 23. Bxc5 Qxc5 24. Bb5 Rc7 25. Kb1 Bh6 26. g3 Rb8 27. Qe6+
Kf8 28. Bd3 Kg7 29. h4 a5 30. h5 g5 31. Qf5 Rh8 32. fxg5 Bxg5 33. h6+ Kf8 34.
Rf1 Ke8 35. Rde1 a4 36. Qe4 a3 37. c4 bxc3 38. Qa4+ Kf7 39. b4 Rb8 40. b5 c2+
41. Bxc2 Rxb5+ 42. Bb3 Qc2+ 0-1

[Event "XXVI Ogolnopolska Olimpiada Mlodziezy"]
[Site "Pulawy"]
[Date "2020.10.06"]
[Round "2.9"]
[White "Bukala, Weronika"]
[Black "Tim, Anna"]
[Result "1-0"]
[WhiteElo "1704"]
[BlackElo "1237"]
[PlyCount "120"]
[EventDate "2020.10.04"]
[EventType "swiss"]
[Tiebreak "Sum of Buchholz+Median1 Buchholz+Sonneborn-Berger (Swiss)"]

1. c4 e5 2. Nc3 f5 3. g3 c6 4. Bg2 Nf6 5. e3 d6 6. Nge2 Be6 7. b3 Be7 8. d4
Nbd7 9. O-O O-O 10. d5 cxd5 11. Nxd5 Nxd5 12. Bxd5 Bxd5 13. Qxd5+ Kh8 14. Qxb7
Nc5 15. Qd5 Qe8 16. Nc3 a6 17. Ba3 Rc8 18. Qd2 f4 19. exf4 exf4 20. Bxc5 dxc5
21. Rfe1 fxg3 22. fxg3 Qf7 23. Nd5 Rcd8 24. Qf4 Qxf4 25. Nxf4 Bf6 26. Ne6 Bxa1
27. Rxa1 Rfe8 28. Nxd8 Rxd8 29. Re1 Kg8 30. Re2 Kf7 31. Kf2 a5 32. Ke1 Kf6 33.
Rf2+ Ke6 34. Ke2 g6 35. Rf4 Rc8 36. Re4+ Kf6 37. Re3 Rd8 38. Re4 Rc8 39. Kf3
Rd8 40. Rf4+ Ke6 41. Ke2 Rc8 42. Kd2 Rd8+ 43. Kc3 Ke7 44. Re4+ Kf6 45. Re1 h6
46. a3 g5 47. g4 Rd4 48. h3 Rd8 49. Rf1+ Ke6 50. Rf5 Rc8 51. b4 axb4+ 52. axb4
cxb4+ 53. Kxb4 Rb8+ 54. Rb5 Rc8 55. Rb6+ Kd7 56. Rxh6 Rb8+ 57. Kc5 Rc8+ 58. Kd5
Rg8 59. c5 Kc7 60. Rh7+ Kd8 1-0

[Event "XXVI Ogolnopolska Olimpiada Mlodziezy"]
[Site "Pulawy"]
[Date "2020.10.06"]
[Round "2.9"]
[White "Jaszczuk, Piotr"]
[Black "Stanislawski, Karol"]
[Result "1/2-1/2"]
[WhiteElo "1312"]
[BlackElo "1639"]
[PlyCount "112"]
[EventDate "2020.10.04"]
[EventType "swiss"]
[Tiebreak "Sum of Buchholz+Median1 Buchholz+Sonneborn-Berger (Swiss)"]

1. e4 c5 2. Nf3 Nc6 3. d4 cxd4 4. Nxd4 Nf6 5. Nc3 e5 6. Ndb5 d6 7. Bg5 a6 8.
Na3 b5 9. Nd5 Be7 10. Bxf6 Bxf6 11. c3 O-O 12. Bd3 Be6 13. Bc2 Rc8 14. Bb3 Ne7
15. Nxf6+ gxf6 16. O-O Kh8 17. f4 f5 18. Bc2 fxe4 19. Bxe4 f5 20. Bc2 Nd5 21.
fxe5 dxe5 22. Re1 Qb6+ 23. Kh1 e4 24. Bb3 Ne3 25. Qe2 Bxb3 26. Qxe3 Qxe3 27.
Rxe3 Bd5 28. Nc2 f4 29. Ree1 Rce8 30. Nd4 Kg7 31. Kg1 h5 32. Rf1 Bc4 33. Rfe1
h4 34. b3 Bd5 35. Rad1 Ba8 36. Re2 h3 37. gxh3 f3 38. Re3 Rh8 39. Rde1 Reg8 40.
Nf5+ Kf6+ 41. Ng3 Rxh3 42. Rf1 Ke5 43. Rfxf3 Rd8 44. Re2 Rh4 45. Rf5+ Ke6 46.
Rf1 Rd3 47. Rfe1 Ke5 48. Re3 Kf4 49. Nf1 a5 50. Kf2 Rh3 51. R1e2 Rxc3 52. Rxh3
Rxh3 53. Re3 Rf3+ 54. Rxf3+ exf3 55. Nd2 Bd5 56. h4 a4 1/2-1/2

[Event "XXVI Ogolnopolska Olimpiada Mlodziezy"]
[Site "Pulawy"]
[Date "2020.10.06"]
[Round "2.9"]
[White "Marczyk, Kinga"]
[Black "Bandyk, Joanna"]
[Result "1/2-1/2"]
[WhiteElo "1306"]
[BlackElo "1191"]
[PlyCount "106"]
[EventDate "2020.10.04"]
[EventType "swiss"]
[Tiebreak "Sum of Buchholz+Median1 Buchholz+Sonneborn-Berger (Swiss)"]

1. e4 c5 2. Nf3 d6 3. d4 cxd4 4. Qxd4 Nc6 5. Bb5 Bd7 6. Bxc6 Bxc6 7. c4 e5 8.
Qd3 Be7 9. O-O Nf6 10. Nc3 O-O 11. b3 Rc8 12. Bb2 a6 13. a4 Qb6 14. Nd5 Bxd5
15. cxd5 Rc7 16. h3 Rfc8 17. Rac1 Rxc1 18. Rxc1 Rxc1+ 19. Bxc1 Qb4 20. Nd2 Bd8
21. Qc2 Qb6 22. Nc4 Qc7 23. f3 Nd7 24. Be3 b5 25. Na3 Qxc2 26. Nxc2 bxa4 27.
bxa4 Bb6 28. Bxb6 Nxb6 29. Nb4 a5 30. Nc6 Nxa4 31. Nxa5 Nc3 32. Nc4 Nb5 33. Kf2
Kf8 34. Ke3 Ke7 35. g3 Nd4 36. f4 f6 37. h4 h5 38. Nd2 Kd7 39. Nf3 Nxf3 40.
Kxf3 exf4 41. Kxf4 g6 42. g4 hxg4 43. Kxg4 Ke7 44. h5 gxh5+ 45. Kxh5 Kf7 46.
Kg4 Kg7 47. Kf4 Kf8 48. Ke3 Kf7 49. Kf3 Kg7 50. Kg3 Kg6 51. Kg4 Kg7 52. Kf4 Kg6
53. Kg4 Kg7 1/2-1/2

[Event "XXVI Ogolnopolska Olimpiada Mlodziezy"]
[Site "Pulawy"]
[Date "2020.10.06"]
[Round "2.9"]
[White "Starosciak, Szymon"]
[Black "Herwy, Jakub"]
[Result "0-1"]
[WhiteElo "1926"]
[BlackElo "1754"]
[PlyCount "96"]
[EventDate "2020.10.04"]
[EventType "swiss"]
[Tiebreak "Sum of Buchholz+Median1 Buchholz+Sonneborn-Berger (Swiss)"]

1. e4 c5 2. Nf3 e6 3. d4 cxd4 4. Nxd4 a6 5. Bd3 Bc5 6. Nb3 Be7 7. O-O d6 8. Qg4
g6 9. Qe2 Nd7 10. a4 b6 11. Na3 Bb7 12. Nc4 Qc7 13. a5 b5 14. Nb6 Nxb6 15. axb6
Qxb6 16. Be3 Qc7 17. Na5 Kf8 18. Nxb7 Qxb7 19. e5 d5 20. f4 h5 21. f5 exf5 22.
Bxf5 gxf5 23. Rxf5 Qc6 24. Raf1 Rh7 25. e6 Qxe6 26. Re5 Qxe5 27. Bh6+ Rxh6 28.
Qxe5 Rd8 29. Rf3 Rf6 30. Qxh5 Rxf3 31. Qxf3 d4 32. Qb7 Rd6 33. Qc8+ Kg7 34.
Qg4+ Kf8 35. Qc8+ Bd8 36. Qc5 Be7 37. Qc8+ Rd8 38. Qxa6 b4 39. g4 b3 40. Qd3
bxc2 41. Qxc2 d3 42. Qd2 Rd4 43. Kf1 Bb4 44. Qe3 Rd6 45. Qc1 d2 46. Qd1 Re6 47.
Qa4 Re1+ 48. Kf2 Bc5+ 0-1

[Event "XXVI Ogolnopolska Olimpiada Mlodziezy"]
[Site "Pulawy"]
[Date "2020.10.06"]
[Round "2.10"]
[White "Bartnik, Michal"]
[Black "Ratajczak, Hubert"]
[Result "0-1"]
[WhiteElo "1278"]
[BlackElo "1595"]
[PlyCount "76"]
[EventDate "2020.10.04"]
[EventType "swiss"]
[Tiebreak "Sum of Buchholz+Median1 Buchholz+Sonneborn-Berger (Swiss)"]

1. d4 Nf6 2. c4 g6 3. Nc3 Bg7 4. e4 d6 5. f3 a6 6. Be3 Nbd7 7. Qd2 O-O 8. Nge2
c5 9. O-O-O cxd4 10. Nxd4 Qc7 11. Be2 Ne5 12. b3 Bd7 13. Kb2 Rfb8 14. Rc1 e6
15. g4 Nc6 16. Rhd1 Ne8 17. Kb1 Qa5 18. Nxc6 bxc6 19. f4 Rb7 20. Qc2 Rab8 21.
h4 Qa3 22. Nb5 cxb5 23. Bd4 bxc4 24. Bxc4 Bxd4 25. Rxd4 Bb5 26. Bxb5 Rxb5 27.
Rd3 Nf6 28. Rg3 Rc5 29. Rc3 Rbc8 30. Qd3 Nxe4 31. Rxc5 Nxc5 32. Qe3 Rb8 33. Rc3
a5 34. f5 exf5 35. gxf5 a4 36. fxg6 hxg6 37. h5 axb3 38. Ka1 Qxa2# 0-1

[Event "XXVI Ogolnopolska Olimpiada Mlodziezy"]
[Site "Pulawy"]
[Date "2020.10.06"]
[Round "2.10"]
[White "Wydmanski, Szymon"]
[Black "Meers, Hubert"]
[Result "1/2-1/2"]
[WhiteElo "1598"]
[BlackElo "1988"]
[PlyCount "172"]
[EventDate "2020.10.04"]
[EventType "swiss"]
[Tiebreak "Sum of Buchholz+Median1 Buchholz+Sonneborn-Berger (Swiss)"]

1. e4 c6 2. Nf3 d5 3. Nc3 Bg4 4. h3 Bxf3 5. Qxf3 e6 6. d4 Nf6 7. Bg5 Be7 8. e5
Nfd7 9. Bxe7 Qxe7 10. a3 O-O 11. Bd3 c5 12. dxc5 Nxc5 13. O-O Nc6 14. Qg3 Qc7
15. Rae1 Nd7 16. f4 f5 17. Bb5 Qb6+ 18. Qf2 d4 19. Bxc6 bxc6 20. Ne2 c5 21. b4
cxb4 22. axb4 Qxb4 23. Qxd4 Qxd4+ 24. Nxd4 Nc5 25. Ra1 a5 26. Nb3 Nb7 27. Ra4
Rfc8 28. c4 Nc5 29. Nxc5 Rxc5 30. Rfa1 Kf7 31. Kf2 Rac8 32. g3 g5 33. Rxa5 gxf4
34. gxf4 Rxc4 35. Ra7+ R8c7 36. Rxc7+ Rxc7 37. Ra3 Rc6 38. Kg3 Kg6 39. Kh4 Rc4
40. Rf3 h5 41. Rg3+ Kh6 42. Rf3 Ra4 43. Kg3 Ra1 44. Rf2 Rg1+ 45. Rg2 Rf1 46.
Rf2 h4+ 47. Kg2 Rc1 48. Rd2 Rc4 49. Kf3 Rc3+ 50. Kg2 Rg3+ 51. Kh2 Rf3 52. Rd4
Kg6 53. Kg2 Rg3+ 54. Kh2 Rb3 55. Kg2 Rb2+ 56. Kg1 Rb7 57. Kf2 Kf7 58. Ke3 Ke7
59. Rd3 Rb2 60. Rd2 Rb1 61. Kf2 Rb3 62. Kg2 Rg3+ 63. Kh2 Rg8 64. Ra2 Rd8 65.
Ra7+ Rd7 66. Ra4 Rd2+ 67. Kg1 Rd3 68. Kg2 Rd2+ 69. Kg1 Rd7 70. Kg2 Rb7 71. Rd4
Ra7 72. Kg1 Ra1+ 73. Kg2 Ra2+ 74. Kg1 Ra1+ 75. Kg2 Ra8 76. Rb4 Rg8+ 77. Kh2 Rd8
78. Rb7+ Rd7 79. Rb4 Ra7 80. Rd4 Ra3 81. Kg2 Ra2+ 82. Kg1 Re2 83. Ra4 Rd2 84.
Ra7+ Rd7 85. Ra4 Rb7 86. Rd4 Rc7 1/2-1/2

[Event "XXVI Ogolnopolska Olimpiada Mlodziezy"]
[Site "Pulawy"]
[Date "2020.10.06"]
[Round "2.10"]
[White "Zalewska, Malgorzata"]
[Black "Mroz, Lena"]
[Result "1-0"]
[WhiteElo "1201"]
[BlackElo "1623"]
[PlyCount "103"]
[EventDate "2020.10.04"]
[EventType "swiss"]
[Tiebreak "Sum of Buchholz+Median1 Buchholz+Sonneborn-Berger (Swiss)"]

1. e4 c5 2. b3 e6 3. Bb2 Nf6 4. d3 Nc6 5. f4 d6 6. Nf3 Be7 7. Nbd2 a6 8. c4 Qc7
9. e5 dxe5 10. fxe5 Ng4 11. Qe2 Nb4 12. Ne4 Ne3 13. Rc1 Nxf1 14. a3 Nxh2 15.
axb4 Nxf3+ 16. Qxf3 Qb6 17. O-O Rf8 18. Nd6+ Bxd6 19. exd6 Bd7 20. Bxg7 O-O-O
21. Bxf8 Rxf8 22. Qf4 f5 23. bxc5 Qxc5+ 24. d4 Qb6 25. Rf3 Rg8 26. Rfc3 Bc6 27.
R1c2 Be4 28. Qe5 Re8 29. Rd2 Qb4 30. Qc5+ Qxc5 31. dxc5 Kd7 32. Rg3 Bc6 33.
Rg7+ Kd8 34. Rxh7 e5 35. Re2 e4 36. Rf7 Bd7 37. Kf2 Rg8 38. Rb2 Ke8 39. Re7+
Kd8 40. g3 Rh8 41. Ke3 Rh3 42. Rg7 Rh8 43. b4 Kc8 44. b5 a5 45. Ra2 Rd8 46.
Rxa5 Kb8 47. c6 bxc6 48. bxc6 Bxc6 49. c5 Rc8 50. Ra6 Bd5 51. Kd4 Bg8 52. Raa7
1-0

[Event "XXVI Ogolnopolska Olimpiada Mlodziezy"]
[Site "Pulawy"]
[Date "2020.10.06"]
[Round "2.11"]
[White "Arciszewska, Zuzanna"]
[Black "Dumin, Karolina"]
[Result "1-0"]
[WhiteElo "1593"]
[BlackElo "1014"]
[PlyCount "101"]
[EventDate "2020.10.04"]
[EventType "swiss"]
[Tiebreak "Sum of Buchholz+Median1 Buchholz+Sonneborn-Berger (Swiss)"]

1. e4 e6 2. d4 d5 3. exd5 exd5 4. Nf3 Nf6 5. Bd3 Bd6 6. O-O O-O 7. Bg5 Nbd7 8.
Nc3 c6 9. Re1 Re8 10. Qd2 b6 11. Nh4 g6 12. Nf3 Bb7 13. Rxe8+ Qxe8 14. Re1 Qb8
15. Qe2 Bc7 16. Ne5 Nxe5 17. dxe5 Ne8 18. f4 Bc8 19. g4 a5 20. f5 Ng7 21. Bh6
b5 22. Bxg7 Kxg7 23. f6+ Kg8 24. Qd2 Bxg4 25. Qh6 Qf8 26. Qg5 Be6 27. Ne2 Qc8
28. Nf4 Bb6+ 29. Kh1 Qf8 30. Rf1 Ra7 31. Rf3 Rd7 32. Nxe6 fxe6 33. Bxg6 Kh8 34.
f7 Bc5 35. Rh3 Qg7 36. Rxh7+ Qxh7 37. Bxh7 Kxh7 38. Qg8+ Kh6 39. Qh8+ Kg6 40.
f8=Q Bxf8 41. Qxf8 Rg7 42. Qf6+ Kh7 43. Qxe6 Rg8 44. Qxc6 b4 45. Qxd5 a4 46.
Qe4+ Kg7 47. Qxb4 Re8 48. Qxa4 Rxe5 49. Qd4 Kf6 50. a4 Ke6 51. Qxe5+ 1-0

[Event "XXVI Ogolnopolska Olimpiada Mlodziezy"]
[Site "Pulawy"]
[Date "2020.10.06"]
[Round "2.11"]
[White "Kazmierowski, Tymon"]
[Black "Bury, Milosz"]
[Result "1-0"]
[WhiteElo "1958"]
[BlackElo "1436"]
[PlyCount "67"]
[EventDate "2020.10.04"]
[EventType "swiss"]
[Tiebreak "Sum of Buchholz+Median1 Buchholz+Sonneborn-Berger (Swiss)"]

1. d4 d5 2. Nf3 e6 3. c4 c5 4. cxd5 exd5 5. g3 Nc6 6. Bg2 Nf6 7. O-O Be7 8. Nc3
O-O 9. dxc5 Bxc5 10. a3 Be6 11. b4 Be7 12. Bb2 Rc8 13. Rc1 Qd7 14. Qa4 a6 15.
Rfd1 Rfd8 16. Ng5 h6 17. Nge4 Nxe4 18. Nxe4 Ne5 19. Qxd7 Nxd7 20. Rxc8 Rxc8 21.
Nc3 d4 22. Nd5 Bxd5 23. Bxd5 Rc7 24. Bxd4 Nf6 25. Bf3 Rd7 26. e3 Kf8 27. Rc1
Ne8 28. Rc8 Bd6 29. Bb6 Ke7 30. Bg4 Bc7 31. Bxd7 Kxd7 32. Rxe8 Bxb6 33. Rf8 Ke7
34. Rb8 1-0